[Event "Toronto Howard Ridout op"]
[Site "Toronto"]
[Date "2009.10.29"]
[Round "8"]
[White "Maister, Martin"]
[Black "Wu, Kevin"]
[Result "1-0"]
[WhiteElo "1839"]
[BlackElo "1954"]
[PlyCount "63"]
[EventDate "2009.09.10"]
[EventType "swiss"]
[EventRounds "8"]
[EventCountry "CAN"]
[SourceTitle "EXT 2011"]
[Source "ChessBase"]
[SourceDate "2010.11.26"]
[SourceVersion "1"]
[SourceVersionDate "2010.11.26"]
[SourceQuality "1"]

1. c4 Nf6 2. Nc3 g6 3. g3 Bg7 4. Bg2 0-0 5. Nf3 d6 6. d4 Na6 7. 0-0 c5 8. d5 Bd7 9. h3 Nc7 10. Kh2 b5 11. cxb5 Nxb5 12. Nxb5 Bxb5 13. Rb1 Qd7 14. Re1 Bc4 15. e4 Bxa2 16. Ra1 Bc4 17. e5 dxe5 18. Nxe5 Qb5 19. Nxc4 Qxc4 20. d6 exd6 21. Bxa8 Rxa8 22. Qxd6 a5 23. Rxa5 Rxa5 24. Qd8+ Bf8 25. Qxa5 Ne4 26. Qa8 Nf6 27. Bh6 Nd7 28. Bxf8 Nxf8 29. Re8 Qc2 30. Rxf8+ Kg7 31. Rg8+ Kh6 32. Qf3 1-0

[Event "Toronto Howard Ridout op"]
[Site "Toronto"]
[Date "2009.10.15"]
[Round "6"]
[White "Maister, Martin"]
[Black "Rutherdale, William"]
[Result "1-0"]
[WhiteElo "1839"]
[BlackElo "1741"]
[PlyCount "47"]
[EventDate "2009.09.10"]
[EventType "swiss"]
[EventRounds "8"]
[EventCountry "CAN"]
[SourceTitle "EXT 2011"]
[Source "ChessBase"]
[SourceDate "2010.11.26"]
[SourceVersion "1"]
[SourceVersionDate "2010.11.26"]
[SourceQuality "1"]

1. c4 c5 2. Nc3 Nf6 3. g3 g6 4. Bg2 Nc6 5. e3 Bg7 6. Nge2 b6 7. d4 cxd4 8. Nxd4 Bb7 9. 0-0 0-0 10. b3 Rb8 11. Bb2 Nxd4 12. Bxb7 Nxb3 13. axb3 Rxb7 14. Qf3 Qb8 15. Rfd1 d6 16. Nb5 Rc8 17. Ba3 a6 18. Nd4 b5 19. cxb5 axb5 20. Nc6 Qc7 21. Rac1 Qd7 22. Nxe7+ Qxe7 23. Rxc8+ Ne8 24. Rxe8+ 1-0

[Event "Scarborough CC-ch reserves op"]
[Site "Toronto"]
[Date "2009.04.16"]
[Round "8"]
[White "Moran Venegas, Mario"]
[Black "Maister, Martin"]
[Result "1-0"]
[WhiteElo "1766"]
[BlackElo "1730"]
[PlyCount "27"]
[EventDate "2009.02.26"]
[EventType "swiss"]
[EventRounds "9"]
[EventCountry "CAN"]
[SourceTitle "EXT 2011"]
[Source "ChessBase"]
[SourceDate "2010.11.26"]
[SourceVersion "1"]
[SourceVersionDate "2010.11.26"]
[SourceQuality "1"]

1. e4 c5 2. Nf3 d6 3. d4 cxd4 4. Nxd4 Nf6 5. Nc3 a6 6. Bg5 e6 7. f4 Be7 8. Qf3 Qc7 9. 0-0-0 h6 10. Bh4 Nxe4 11. Qxe4 Bxh4 12. Nf5 d5 13. Nxd5 Qa5 14. Nxh4 1-0

[Event "Scarborough CC Jack Frost"]
[Site "Toronto"]
[Date "2009.02.19"]
[Round "7"]
[White "Armstrong, Robert J"]
[Black "Maister, Martin"]
[Result "0-1"]
[WhiteElo "1845"]
[BlackElo "1730"]
[PlyCount "51"]
[EventDate "2009.01.08"]
[EventType "swiss"]
[EventRounds "7"]
[EventCountry "CAN"]
[SourceTitle "EXT 2011"]
[Source "ChessBase"]
[SourceDate "2010.11.26"]
[SourceVersion "1"]
[SourceVersionDate "2010.11.26"]
[SourceQuality "1"]

1. d4 Nf6 2. c4 c5 3. d5 b5 4. cxb5 a6 5. Nc3 axb5 6. Nxb5 Bb7 7. d6 Qa5+ 8. Nc3 exd6 9. Nf3 Be7 10. e3 0-0 11. Bc4 d5 12. Bd3 d4 13. exd4 Bxf3 14. Qxf3 cxd4 15. Bd2 dxc3 16. Bxc3 Bb4 17. 0-0 Bxc3 18. bxc3 Nc6 19. h4 Ne5 20. Qh3 Nxd3 21. Qxd3 Rac8 22. c4 Qc7 23. Rfc1 Ng4 24. g3 Ne5 25. Qd5 Qc5 26. Qxd7 0-1